[Event "Olympiad-36"]
[Site "Mallorca"]
[Date "2004.10.28"]
[Round "13"]
[White "Sasikiran, Krishnan"]
[Black "Krasenkow, Michal"]
[Result "1-0"]
[WhiteElo "2668"]
[BlackElo "2676"]
[Annotator "Roiz,M"]
[PlyCount "61"]
[EventDate "2004.10.15"]
[EventType "team-swiss"]
[EventRounds "14"]
[EventCountry "ESP"]
[SourceTitle "CBM 104"]
[Source "ChessBase"]
[SourceDate "2005.01.27"]
[SourceVersion "1"]
[SourceVersionDate "2005.01.27"]
[SourceQuality "1"]
[WhiteTeam "India"]
[BlackTeam "Poland"]
[WhiteTeamCountry "IND"]
[BlackTeamCountry "POL"]

1. d4 {Ramirez} d5 2. c4 e6 3. Nc3 c6 4. e3 Bd6 {The main reason of this
tricky move order is to force white to put his knight on f3, as after the
immediate 4...d5 black has also to deal with 5.f4!?.} 5. Qc2 {That move is
connected with an agressive plan of development: white is going to put his
knight on e2, with following f2-f3 and e3-e4, seizing a lot of space.} (5. e4
dxe4 6. Nxe4 Bb4+ {--> transposes to D31.}) (5. Bd2 {Ramirez: was tried in the
game Kasimdzhanov-Tregubov, and is designed against f5. Of course, black might
then be happy with Nf6, transposing to a normal semi-slav where Bd2 is not
always usefull.} f5 $6 6. g4 $1 fxg4 7. Qxg4 $16 {Kasimdzhanov, R - Tregubov,
P New Delhi (FIDE KO) 2000 1-0 (30)}) 5... f5 {Ramirez: 'The delayed stone
wall, which started out as a semi-slav. This system is rather logical in this
variation, since whites dark squared bishop can not challenge the e5 square
directly. Specially now that g4 has been ruled out.'} 6. Bd3 Nf6 7. Nge2 ({
Another set-up is connected with f2-f4 also here:} 7. f4 O-O 8. Nf3 Ne4 9. O-O
Nd7 (9... b6 10. Rb1 a5 11. a3 Qe7 12. Bd2 Bb7 13. b4 Nxd2 14. Qxd2 axb4 15.
axb4 Nd7 16. c5 Bc7 17. Ra1 Rfb8 18. Rfb1 $14 {1/2-1/2 Epishin,V-Piankov,E/
Creon 2003/CBM 95 ext (47)}) 10. c5 Bc7 11. Bd2 {Ramirez: 'Was tried in the
game Georgiev, K - Sveshnikov, E Presidents Cup 1998, where Georgiev won.
Despite that, I fail to see where whites advantage lies after'} Nxd2 {'?!'
Ramirez. Ramirez: 'Was played in the before mentioned game. Yet this exchange
strikes me as very illogical, since blacks knight seemed much nicer the whites
dark squared bishop.'} (11... b6 $1 {Ramirez} 12. b4 a5 (12... Nxd2 $2 {
Tsesarsky} 13. Qxd2 $14) (12... bxc5 13. bxc5 Qe8 14. Qa4 Ndf6 {+/=/~~}) 13.
cxb6 (13. b5 bxc5 14. bxc6 Ndf6 $132) 13... Bxb6 14. a3 Ba6 $13) 12. Qxd2 Nf6
13. b4 Bd7 14. Ne5 $14 {1-0 Georgiev,K-Sveshnikov,E/Elista 1998/CBM 65/
[Tsesarsky] (38)}) ({Nothing promises:} 7. cxd5 cxd5 8. Nb5 Nc6 9. Nxd6+ Qxd6
10. Bd2 Bd7 11. Nf3 O-O 12. O-O Rfc8 13. Qb3 Ne4 14. Be1 Rc7 $11 {1/2-1/2
Cvitan,O-Porper,E/Biel SUI 2004/The Week in Chess 508 (72)}) 7... O-O 8. f3 {
White is not hurrying with a kside castle and leaves an opportunity of qside
castle.} Nbd7 {That is the most natural way of development. However, it has a
clear drawback: black's counterplay will probably connected with an exchange
on c4 and b7-b5 or e6-e5. In that case the Pe6 will be vulnerable.} ({The
alternatives are:} 8... Na6 9. a3 dxc4 (9... Nc7 10. O-O b6 11. Bd2 Bb7 12. b4
(12. e4 $5) 12... Kh8 13. c5 Be7 14. a4 bxc5 15. bxc5 $14 {1/2-1/2 Alexandrova,
O-Kononenko,T/Antalya 2002/EXT 2003 (26)}) 10. Bxc4 b5 11. Bb3 Kh8 12. O-O Rb8
13. Bd2 c5 14. Be1 c4 15. Ba2 b4 16. axb4 Nxb4 $132 {1-0 Ibragimov,I-Firman,N/
Oak Brook 2003/CBM 94 ext (45)}) (8... Kh8 9. Bd2 Qe7 10. cxd5 cxd5 11. Nb5 Nc6
12. Nxd6 Qxd6 13. Rc1 Bd7 14. Qc5 Qb8 15. O-O Rc8 $11 {0-1 Rustemov,
A-Sveshnikov,E/Vilnius 1997/EXT 98 (21)}) 9. Bd2 dxc4 {Ramirez: 'Black feels
he must take actions before whites position becomes too comfortable'} ({
Deserves attention also a preparation of that plan:} 9... Qe7 $5 10. cxd5 (10.
O-O-O dxc4 11. Bxc4 Kh8 $132 {[%cal Ge6e5]}) (10. O-O Kh8 11. cxd5 Nxd5 12. a3
Nxc3 13. Nxc3 e5 14. Rae1 exd4 15. exd4 Qh4 16. f4 Qf6 $11 {1/2-1/2 Schlosser,
P-Shumiakina,T/Pardubice 1999/EXT 2000 (20)}) 10... Nxd5 11. a3 N7f6 12. h3 e5
13. Nxd5 Nxd5 14. e4 fxe4 15. fxe4 Nb6 16. O-O-O Be6 $11 {1/2-1/2 Bykhovsky,
A-Vekshenkov,N/Pavlodar 1991/EXT 97 (34)}) (9... a6 10. c5 Bc7 11. O-O-O (11.
b4 $5) 11... b6 12. cxb6 Nxb6 13. e4 fxe4 14. fxe4 e5 15. dxe5 Bxe5 16. h3 Be6
17. exd5 cxd5 18. Be3 Qc7 $132 {0-1 Ibragimov,I-Iljushin,A/Azov 1996/CBM 56
ext (42)}) (9... c5 $1 {Ramirez} 10. cxd5 (10. O-O cxd4 11. Nxd4 (11. exd4 $2
dxc4 12. Bxc4 Bxh2+ 13. Kxh2 Qc7+ $17) 11... Ne5 $13) (10. O-O-O $6 cxd4 11.
exd4 dxc4 12. Bxc4 Nb6 $15 {And whites king feels uncomfortable, despite all
his surrounding pieces.}) 10... Nxd5 11. Nxd5 exd5 12. Bxf5 Qh4+ 13. g3 Qh5 $44
{Leads toa very messy game, where I think black should have at least enough
for his pawn.} 14. Bg4 (14. e4 $6 Nb6 $1 $15) 14... Qe8 15. O-O cxd4 16. Nxd4
Ne5 17. Bxc8 Rxc8 $44 {|^}) 10. Bxc4 Nb6 {That move is practically forced, as
Pe6 and Pf5 were hanging.} 11. Bb3 Kh8 {Ramirez: 'Of course, it is
uncomfortable to have the king in the same diagonal as whites bishop. Black is
also preparing to play e5. In my view, this position should be equal.'} 12. a3
{That profilactic move wasn't necessary at all.} ({In my opinion, white should
play more energetically in order to prove, that he has some development
advantage:} 12. O-O-O a5 13. a3 Qe7 14. Ng3 Nbd5 15. e4 Nxc3 16. Bxc3 fxe4 17.
Nxe4 Bf4+ 18. Bd2 e5 19. Qc5 Qxc5+ 20. Nxc5 $14 {1-0 Kosyrev,V-Konotop,S/
Moscow 1999/EXT 2001 (32)}) 12... e5 13. O-O-O Qe7 14. h3 {'!' Ramirez. That
natural plan is a bit slowly and allows black to consolidate his position. 
Ramirez: 'White needs to get a plan going, since his f3-e4 was completely
spoiled. Now he looks forward to make use of blacks f5 pawn, using it to speed
up a king side attack via g4.'} (14. Ng3 exd4 15. exd4 Nfd5 $11) (14. dxe5 Bxe5
15. Ng3 Nfd5 (15... g6 $6 16. e4 fxe4 17. Ncxe4 Be6 18. Rhe1 Bxb3 19. Qxb3 $14)
16. e4 Bxc3 $1 (16... fxe4 17. Ncxe4 Be6 18. Rhe1 $14) 17. Bxc3 Nxc3 (17... Ne3
$6 18. Qd2 Nxd1 19. Rxd1 $36) 18. Qxc3 fxe4 19. Nxe4 Be6 $11) 14... Bd7 (14...
e4 $5 {There was an opportunity of closing the centre:} 15. fxe4 (15. Rhf1 exf3
16. Rxf3 Bd7 17. Ng3 g6 $132) 15... Nxe4 16. Nxe4 fxe4 17. Nc3 Bf5 18. g4 Bg6
19. h4 h6 20. g5 h5 $11 {and white can hardly use the weakness of Pe4.}) 15.
Kb1 {A necessary profilactic move before some active operations.  Ramirez:
'Some prophylaxis is never bad!'} (15. g4 $5 Nfd5 16. e4 fxe4 17. fxe4 (17.
Nxe4 exd4 18. Nxd4 (18. Nxd6 $2 Qxe2 $17) 18... Bf4 $11) 17... Nxc3 18. Bxc3
$132) 15... a5 $6 {An inaccuracy, which allows white to grab the initiative.
Black wants to seize some space on the qside, but it was better to prevent
white's next move.  Ramirez: 'This pawn feels rather lonely in any attack
black might make, still the c5 break looked more logical:'} (15... e4 $142 16.
fxe4 Nxe4 17. Nxe4 fxe4 $11) (15... Rac8 {Ramirez} 16. g4 c5 17. dxc5 (17. d5
$2 c4 $17) (17. dxe5 Bxe5 18. gxf5 c4 19. Ba2 Be8 $44 (19... Nbd5 $5 $44))
17... Rxc5 18. gxf5 e4 $1 $13) (15... c5 {Ramirez} 16. dxc5 Bxc5 17. g4 Bc6 18.
Rdf1 Nfd5 $13) 16. g4 Nfd5 {'?!' Ramirez.} (16... e4 {'<=>' Ramirez. Ramirez:
'Trying to close the center, seems illogical sine white is attacking on the
kingside. Yet black does gain firm control over d5, and over all the white
central squares.'} 17. fxe4 Nxe4 18. Nxe4 fxe4 19. Nc3 Rae8 20. Rhf1 $14 {
[%csl Re4]}) 17. e4 {'!' Ramirez. Ramirez: 'Now white got both g4 and e4 in!
His position is rapidly gaining lots of activity.'} Nxc3+ {'?' Ramirez.
Ramirez: 'The wrong move order!'} (17... fxe4 18. Nxe4 (18. Qxe4 $2 {Ramirez
Would now be met with the inmediate} Be8 $17 {where} 19. dxe5 Bg6 20. exd6 Qxd6
{is pointless}) (18. fxe4 {Ramirez} Nxc3+ 19. Bxc3 a4 20. Ba2 Be6 $11 {And
black isn't yet inferior.}) 18... exd4 19. Nxd4 Bf4 20. Rhe1 $14) 18. Bxc3 $14
{Now it's clear, that 15...a5 was a loss of time, as white's pieces put an
unpleasant pressure on black's centre now.  Ramirez: 'Blacks f5 has a
difficult choice to make, and apparently tactics make fxe4 work, but
Sasikirian provse other wise.'} fxe4 19. Qxe4 {Suddenly black cannot play 19...
Rae8 now, as Pa5 is hanging!} Be8 $2 {That looks quite strong, but actually
allows white to get a winning position by an elegant sacrifice.} ({Better was
to simplify the position:} 19... exd4 $142 20. Nxd4 Qxe4+ 21. fxe4 Be5 22. Rhf1
a4 23. Ba2 $14 {although white has some advantage due to activity of his
pieces.}) (19... Rae8 {Ramirez The last try, but still after} 20. Rhe1 Qf6 21.
Bc2 $14 {White already is better.}) 20. dxe5 $1 {A very strong practical
decision! White gets a full compensation for a queen,while black should play
very accurately.} (20. Ng3 $143 Nd5 (20... Rf4 21. Qd3 Bg6 22. Nf5 Qf6 23. dxe5
Bxe5 24. Bxe5 Qxe5 25. Rhe1 Qf6 $132) 21. Nf5 Nxc3+ 22. bxc3 Qf6 $132) 20...
Bg6 ({There was no other way:} 20... Bxa3 21. f4 Bb4 22. Bc2 $16) 21. exd6
Bxe4+ 22. Ka1 Qe8 (22... Qd8 23. fxe4 a4 24. Ba2 Rf3 25. e5 Nd5 26. Bxd5 cxd5
27. Rxd5 $16) 23. fxe4 a4 (23... Qxe4 24. Ng3 Qf3 25. Nh5 $16) (23... Nd5 24.
exd5 Qxe2 25. dxc6 bxc6 26. Rhe1 Qb5 27. Bc2 Rae8 28. d7 Rxe1 29. Rxe1 $18) 24.
Ba2 Rf3 {Black wants to sacrifice his rook on c3 in order to set-up some
blockade,but...} (24... Qxe4 25. Ng3 Qf3 26. Nh5 $18) (24... Nd5 {Ramirez:
Trying to exchange one bishop at least, was perhaps the best try. Yet it seems
that after either:} 25. exd5 (25. Rxd5 $5 cxd5 26. Bxd5 $44) 25... Qxe2 26.
dxc6 bxc6 27. Rhe1 Qf3 28. d7 $16 {white is much better.}) 25. e5 $1 {The file
is more important than a pawn!} Nd5 $8 {Black finds the only defensive idea-he
trades one of white's strong bishops at cost of a pawn.} ({Now} 25... Rxc3 26.
Nxc3 Qxe5 {fails to:} 27. d7 (27. Rhe1 {Ramirez} Qg3 28. Re7 {Is certainly
hopeless}) 27... Rd8 28. Rhe1 Qb8 29. Re7 $18) 26. Bxd5 (26. Rxd5 $2 {Ramirez:
Would be too much, since after} cxd5 27. Bxd5 Rxc3 28. Nxc3 Qxe5 29. Bxb7 Rd8 {
White loses his pawns.}) 26... cxd5 27. Rxd5 ({Good enough was also:} 27. Rhe1
$5 Rxh3 (27... Rc8 28. e6 $1 Qxe6 29. Nd4 $18) 28. Rxd5 (28. Nf4 $2 Rxc3 $1 29.
bxc3 Qb5 $1 $11 {[%cal Gb5b3]}) 28... Re3 (28... Qc6 29. Rdd1 Re3 30. Nd4 Rxe1
31. Rxe1 $18) 29. d7 Qd8 (29... Qe7 30. Ba5 $18) 30. Bd2 Re4 31. e6 $1 Rxe6 (
31... h6 32. Nd4 Rxe1+ 33. Bxe1 $18) 32. Bg5 Re7 33. Bxe7 Qxe7 34. Rdd1 Rd8 35.
Nf4 Qf7 36. Re8+ Rxe8 37. d8=Q $18) 27... Qf7 (27... Qc6 28. Rdd1 (28. Rhd1 Rf1
29. Rxf1 Qxd5 30. Nf4 Qc4 31. Rf3 Qe4 32. Rf1 Qc4 $11) 28... Rd3 29. Rhe1 Rxd1+
30. Rxd1 Qf3 31. Re1 Qxh3 32. e6 $18) (27... Qe6 28. Rdd1 $1 Re3 29. Nf4 Qb3
30. d7 Rd8 31. e6 $18) 28. Rdd1 $1 $18 {It's very important to keep all the
rooks on the board. Now black couldn't stop the pawns.} Qc4 {Ramirez: 'not the
most resilient, slightly better was'} (28... Re3 29. Nd4 $1 (29. Rhf1 Rf3 30.
Rfe1 Re3 31. Nd4 Rxe1 32. Rxe1 Qd5 33. Nf5 Re8) 29... Rxe5 30. Rhf1 Qd7 31. Nf5
Rae8 32. Nxg7 Kxg7 33. Rf5 $18) (28... Rd8 {Ramirez} 29. Nd4 $1 (29. e6 $6 Qxe6
30. Nd4 Qxd6 31. Nxf3 Qxd1+ 32. Rxd1 Rxd1+ 33. Ka2 Rd3 34. Ng5 {Althought this
endgame should be hopeless.}) 29... Re3 30. Rde1 Rxe1+ 31. Rxe1 $18) 29. e6 $1
{The most effective-white doesn't waste time on defence.  Ramirez: 'White
ignores the attacked knight, and his passed pawns make a triumphal end.'} ({
Worse was:} 29. d7 $6 Rd8 30. e6 Qxe6 31. Nd4 Qxd7 32. Nxf3 Qxd1+ 33. Rxd1
Rxd1+ $16 {and black is still in the game}) 29... Qxe2 ({Hopeless was also:} 
29... Qxe6 30. Nd4 Qe4 31. Nxf3 Qxf3 32. d7 Rd8 33. Rhf1 Qc6 34. Rf8+ Rxf8 35.
d8=Q $18) (29... Rd3 30. d7 Qd5 31. Rxd3 Qxd3 32. Nd4 $18) 30. d7 Rd3 (30...
Rff8 31. Rhe1 Qb5 32. e7 $18) 31. Rde1 {[%mdl 1024] Ramirez: 'e7 will come
next, gaining huge ammounts of material. A pretty game.'} (31. Rde1 Qg2 32. e7
$18) 1-0

[Event "American Continental 3rd"]
[Site "Buenos Aires"]
[Date "2005.08.09"]
[Round "4"]
[White "Ibragimov, Ildar"]
[Black "Milman, Lev"]
[Result "1/2-1/2"]
[WhiteElo "2605"]
[BlackElo "2459"]
[Annotator "Roiz,M"]
[PlyCount "54"]
[EventDate "2005.08.06"]
[EventType "swiss"]
[EventRounds "11"]
[EventCountry "ARG"]
[SourceTitle "CBM 109"]
[Source "ChessBase"]
[SourceDate "2005.11.14"]
[SourceVersion "1"]
[SourceVersionDate "2005.11.14"]
[SourceQuality "1"]

1. d4 d5 2. c4 c6 3. Nc3 e6 4. e3 Bd6 {A tricky order of moves which allows
Black to avoid the sharp line 4...f5 5.g4!?} 5. Qc2 f5 6. Bd3 Nf6 7. cxd5 $5 {
A quiet continuation which may be quite unpleasant for black,since now he
cannot avoid an exchange of the dark-squared bishop.} cxd5 8. Nb5 Bb4+ (8...
Nc6 9. Nxd6+ Qxd6 10. a3 O-O 11. Ne2 Bd7 12. f3 Rac8 13. Qd1 Na5 14. b3 Qb6 15.
Rb1 Bb5 16. O-O Bxd3 17. Qxd3 Qd6 18. Bd2 $14 {1-0 Sturua,Z-Poluljahov,A/Pula
1999/EXT 2000 (40)}) 9. Bd2 Nc6 $146 {That allows white to keep his own
dark-squared bishop on the board. On the other hand,black gets some
development advantage.} ({After the natural} 9... Bxd2+ 10. Qxd2 a6 11. Nc3 O-O
12. Nge2 b5 13. O-O Qd6 14. Rac1 $14 {1/2-1/2 Kunin,V-Geller,J/Tula 2001/EXT
2002 (57) White has some advantage.}) 10. Nc7+ {Otherwise Black may withdraw
his dark-squared bishop, avoiding the exchange.} Qxc7 11. Bxb4 Bd7 {That is
the point! Now Black has some development advantage, so White cannot stabilize
the situation without exchanging one of his bishops.} 12. Ba3 {The bishop is
vulnerable here,but white is trying to prevent black from castling.} ({After} 
12. Nf3 Rc8 13. Ba3 Qb6 $11 {[%cal Gc6b4] Black doesn't face any problems.})
12... Rc8 {[%cal Gc6b4]} 13. Rc1 {White should be careful-Black's activity may
become dangerous!} (13. Nf3 $6 Nb4 14. Qb3 Nxd3+ 15. Qxd3 Qa5+ $36) 13... Ne4
14. Bxe4 {A necessary accuracy.} ({An attempt of completing development fails
to:} 14. Ne2 $2 Qa5+ 15. Nc3 $2 (15. Kf1 Ne5 $17) 15... Nxc3 16. Qxc3 Nb4 $1
17. Qxc8+ Bxc8 18. Rxc8+ Kf7 19. Rxh8 Nxd3+ 20. Ke2 Nxb2 21. Bxb2 Qxa2 $19)
14... fxe4 ({After} 14... dxe4 15. Ne2 Qa5+ 16. Qd2 Qxd2+ 17. Kxd2 $14 {
the endgame is in White's favour.}) 15. f3 $6 {That inaccurate move allows
Black to solve all the problems by tactical recourses.} ({Much better was:} 15.
Ne2 $142 Qa5+ (15... b5 $2 16. Qd2 a5 17. Bc5 $16) 16. Qc3 Qxc3+ (16... Qb5 17.
Qd2) 17. Nxc3 Ne7 18. f3 exf3 19. gxf3 $14 {with a slight advantage.}) {
[%tqu "En","Please,find the strongest move.","","","b7b5","",10]} 15... b5 $1 {
That is the point! Now white cannot keep his bishop on the diagonal a3-f8 due
to vulnerablity of Rc1.} 16. Qd2 (16. Bc5 $2 Nb4 $1 $17 {[%cal Gb4d3]}) 16...
a5 17. b3 ({Once again,} 17. Bc5 $2 {fails to:} Nb4 $17 {[%csl Rc1]}) 17... b4
18. Bb2 Qd8 {Creating the unpleasant threat Qh4+.} ({Possible was also:} 18...
O-O 19. fxe4 dxe4 20. Nh3 Qb7 21. Nf4 Ne7 $11) 19. f4 O-O 20. Ne2 Qb6 ({After} 
20... Ne7 21. O-O Bb5 22. Rc5 ({or} 22. Rxc8 Nxc8 23. Rc1 $11) 22... Rxc5 23.
dxc5 $11 {the position looks also equal.}) 21. O-O Ne7 {Now Black's position
looks even better,as the Bd7 is more active than the Bb2. However, White has a
way to equalize.} 22. Rc5 $1 {Activating the Bb2 at the cost of a pawn.} Rxc5
23. dxc5 Qxc5 24. Rc1 Qb5 ({After} 24... Qb6 25. Bd4 Qb7 26. Bc5 Rf7 27. Nd4
$44 {White also has a sufficient compensation for the pawn.}) 25. Nd4 Qb7 ({or
} 25... Qd3 26. Qxd3 exd3 27. Rd1 $11) 26. Rc5 Rc8 27. Rxc8+ ({Of course,not} 
27. Rxa5 Qb6 $19 {[%csl Ra5] and the rook is trapped.}) 27... Nxc8 {Here the
draw was agreed.} ({After} 27... Nxc8 28. Qc1 Qb6 29. a3) ({or} 27... Qxc8 28.
a3 {Black's extra pawn is not significant,as there are bishops of opposite
color.}) 1/2-1/2